Are You Smarter Than a College Student? XXXVII Quiz Stats

 Plays Quiz Updated May 21, 2018

Score 0/30 Timer 07:00
11 Plays Today
Hint Answer % Correct
Easyglass slipper
94.7%
EasyThe Last Supper
90.9%
Easypineapple
89.3%
EasyThe Apprentice
79.7%
Easycopper
79.4%
Easynappy
75.9%
EasyPhilippines
75.3%
EasyScrappy-Doo
75.3%
Easysapphire
72.7%
EasyHappy Feet
71.6%
MediumAppalachian Mountains
70.4%
MediumHippocratic oath
65.7%
MediumPeppermint Patty
63.8%
MediumLittle Dipper
62.7%
MediumThe Muppet Show
59.7%
Hint Answer % Correct
MediumLed Zeppelin
57.9%
Mediumkappa
57.1%
MediumPippi Longstocking
55.5%
MediumYom Kippur
55.3%
MediumDoppler effect
50.6%
HardSteppenwolf
42.7%
Harduppercase
42.2%
HardWhippet
42.1%
HardSnapple
38.4%
HardDay Tripper
28.3%
HardSapporo
27%
Hardgrappa
26.6%
HardTippecanoe
23%
HardEdward Hopper
19.6%
HardTom Stoppard
13.8%

You're not logged in!

Compare scores with friends on all Sporcle quizzes.
OR
Log In

Sporcle TV

Today on Sporcle TV


Watch our educational content, quiz creation guides, and fun videos on Sporcle TV.

Show Comments

Extras

Top Quizzes Today


Score Distribution

Your Account Isn't Verified!

In order to create a playlist on Sporcle, you need to verify the email address you used during registration. Go to your Sporcle Settings to finish the process.

Report this User

Report this user for behavior that violates our Community Guidelines.

Details: